<?xml version="1.0" encoding="UTF-8"?>
<record
    xmlns:xsi="http://www.w3.org/2001/XMLSchema-instance"
    xsi:schemaLocation="http://www.loc.gov/MARC21/slim http://www.loc.gov/standards/marcxml/schema/MARC21slim.xsd"
    xmlns="http://www.loc.gov/MARC21/slim">

  <leader>03971nam a2200613Ia 4500</leader>
  <controlfield tag="001">dia_7354</controlfield>
  <controlfield tag="003">CHAP</controlfield>
  <controlfield tag="005">20240515181505.0</controlfield>
  <controlfield tag="007">ta</controlfield>
  <controlfield tag="008">220117s2018    mx abdefr     001 0 spa d</controlfield>
  <datafield tag="040" ind1=" " ind2=" ">
    <subfield code="c">CHAP</subfield>
    <subfield code="a">mxchpua</subfield>
  </datafield>
  <datafield tag="090" ind1=" " ind2=" ">
    <subfield code="a">T.C.779 </subfield>
    <subfield code="b">S99 EIUPA </subfield>
    <subfield code="c">2018</subfield>
  </datafield>
  <datafield tag="245" ind1="1" ind2="0">
    <subfield code="a">Reporte megasuper : </subfield>
    <subfield code="b">secci&#xF3;n panader&#xED;a /</subfield>
    <subfield code="c">coordinador Rosa Guadalupe Szymanski Duque ; colaboradores Elisa Arreortua Chav&#xE9;z...[et al.]</subfield>
  </datafield>
  <datafield tag="260" ind1=" " ind2=" ">
    <subfield code="a">M&#xE9;xico :</subfield>
    <subfield code="b">El autor,</subfield>
    <subfield code="c">2018</subfield>
  </datafield>
  <datafield tag="300" ind1=" " ind2=" ">
    <subfield code="a">cerca 100 hojas :</subfield>
    <subfield code="b">ilustraciones, mapas, gr&#xE1;ficas, diagramas, tablas, fotos, planos +</subfield>
    <subfield code="e">1 CD-ROM</subfield>
  </datafield>
  <datafield tag="336" ind1=" " ind2=" ">
    <subfield code="2">rdacontent</subfield>
    <subfield code="a">texto</subfield>
    <subfield code="b">txt</subfield>
  </datafield>
  <datafield tag="337" ind1=" " ind2=" ">
    <subfield code="2">rdamedia</subfield>
    <subfield code="a">no mediado</subfield>
    <subfield code="b">n</subfield>
  </datafield>
  <datafield tag="338" ind1=" " ind2=" ">
    <subfield code="2">rdacarrier</subfield>
    <subfield code="a">volumen</subfield>
    <subfield code="b">nc</subfield>
  </datafield>
  <datafield tag="500" ind1=" " ind2=" ">
    <subfield code="a">7&#xB0; a&#xF1;o Grupo 2 --
El CD contiene reporte y planos</subfield>
  </datafield>
  <datafield tag="502" ind1=" " ind2=" ">
    <subfield code="a">Viaje de Estudios </subfield>
    <subfield code="b">(EIUPA) -- </subfield>
    <subfield code="c">UACh. Departamento de Ingenier&#xED;a Agroindustrial, </subfield>
    <subfield code="d">2018</subfield>
  </datafield>
  <datafield tag="504" ind1=" " ind2=" ">
    <subfield code="a">Incluye bibliograf&#xED;a</subfield>
  </datafield>
  <datafield tag="505" ind1=" " ind2=" ">
    <subfield code="a">6 planos --
1. Plano de distribuci&#xF3;n de &#xE1;reas --
2. Plano de distribuci&#xF3;n de equipos --
3. Propuesta de plano distribuci&#xF3;n de &#xE1;reas --
4. Plano de distribuci&#xF3;n de &#xE1;reas La valencia --
5. Propuesta de distribuci&#xF3;n de &#xE1;reas, La valencia --
6. Propuesta de plano de distribuci&#xF3;n de &#xE1;reas en Megasuper, La valencia</subfield>
  </datafield>
  <datafield tag="650" ind1="1" ind2="3">
    <subfield code="a">Industria panadera</subfield>
    <subfield code="9">162987</subfield>
    <subfield code="z">Costa Rica</subfield>
  </datafield>
  <datafield tag="650" ind1="1" ind2="3">
    <subfield code="a">Iniciativa empresarial</subfield>
    <subfield code="9">161584</subfield>
    <subfield code="z">Costa Rica</subfield>
  </datafield>
  <datafield tag="650" ind1="1" ind2="3">
    <subfield code="a">Productos horneados  </subfield>
    <subfield code="9">149328</subfield>
  </datafield>
  <datafield tag="650" ind1="1" ind2="3">
    <subfield code="a">Baked goods  </subfield>
    <subfield code="9">149794</subfield>
  </datafield>
  <datafield tag="650" ind1="1" ind2="3">
    <subfield code="a">Bakery industry</subfield>
    <subfield code="9">162986</subfield>
    <subfield code="z">Costa Rica  </subfield>
  </datafield>
  <datafield tag="650" ind1="1" ind2="3">
    <subfield code="a">Entrepreneurship</subfield>
    <subfield code="9">161583</subfield>
    <subfield code="z">Costa Rica</subfield>
  </datafield>
  <datafield tag="700" ind1="1" ind2=" ">
    <subfield code="a">Szymanski Duque, Rosa Guadalupe</subfield>
    <subfield code="9">151434</subfield>
    <subfield code="e">coordinadora</subfield>
  </datafield>
  <datafield tag="700" ind1="1" ind2=" ">
    <subfield code="a">Arreortua Ch&#xE1;vez, Elisa</subfield>
    <subfield code="9">162988</subfield>
    <subfield code="e">colaboradora</subfield>
  </datafield>
  <datafield tag="856" ind1="4" ind2="1">
    <subfield code="u">http://10.13.5.2/ve/TC779EIUPA/TC779EIUPA2018-PLANO-AREAS.pdf</subfield>
    <subfield code="y">DESCARGAR PLANO DE AREAS</subfield>
  </datafield>
  <datafield tag="856" ind1="4" ind2="1">
    <subfield code="u">http://10.13.5.2/ve/TC779EIUPA/TC779EIUPA2018-PLANO-AREA2.pdf</subfield>
    <subfield code="y">DESCARGAR PLANO DE AREAS 2</subfield>
  </datafield>
  <datafield tag="856" ind1="4" ind2="1">
    <subfield code="u">http://10.13.5.2/ve/TC779EIUPA/TC779EIUPA2018-PLANO-EQUIPOS.pdf</subfield>
    <subfield code="y">DESCARGAR PLANO DE EQUIPO</subfield>
  </datafield>
  <datafield tag="856" ind1="4" ind2="1">
    <subfield code="u">http://10.13.5.2/ve/TC779EIUPA/TC779EIUPA2018-PLANO-DISTRIBUCIONDEAREASPROPUESTA.pdf</subfield>
    <subfield code="y">DESCARGAR PLANO PROPUESTA DE DISTRIBUCION DE AREAS</subfield>
  </datafield>
  <datafield tag="856" ind1="4" ind2="1">
    <subfield code="u">http://10.13.5.2/ve/TC779EIUPA/TC779EIUPA2018-PLANO-AREASPROPUESTAPlano6propuestadistribuciondeareaslavalencia-Modelo.pdf</subfield>
    <subfield code="y">DESCARGAR PLANO PROPUESTA DE DISTRIBUCION DE AREAS VALENCIA-MODELO</subfield>
  </datafield>
  <datafield tag="856" ind1="4" ind2="1">
    <subfield code="u">http://10.13.5.2/ve/TC779EIUPA/TC779EIUPA2018-PLANO-DIBUJODELPROCESO.pdf</subfield>
    <subfield code="y">DESCARGAR DIBUJO DE PROCESO</subfield>
  </datafield>
  <datafield tag="856" ind1="4" ind2="1">
    <subfield code="u">http://10.13.5.2/ve/TC779EIUPA/TC779EIUPA2018-PLANO-DIAGRAMADEBLOQUES.pdf</subfield>
    <subfield code="y">DESCARGAR DIAGRAMA DE BLOQUES CIAPATTA</subfield>
  </datafield>
  <datafield tag="856" ind1="4" ind2="1">
    <subfield code="u">http://10.13.5.2/ve/TC779EIUPA/TC779EIUPA2018-PLANO-DIAGRAMADEBLOQUES2.pdf</subfield>
    <subfield code="y">DESCARGAR DIAGRAMA DE BLOQUES BAGUETTE</subfield>
  </datafield>
  <datafield tag="856" ind1="4" ind2="1">
    <subfield code="u">http://10.13.5.2/ve/TC779EIUPA/TC779EIUPA2018-PLANO-DIAGRAMADEBLOQUES3.pdf</subfield>
    <subfield code="y">DESCARGAR DIAGRAMA DE BLOQUES QUEQUE</subfield>
  </datafield>
  <datafield tag="856" ind1="4" ind2="1">
    <subfield code="u">http://10.13.5.2/ve/TC779EIUPA/TC779EIUPA2018-PLANO-DIAGRAMADEFLUJOPAN.pdf</subfield>
    <subfield code="y">DESCARGAR DIAGRAMA FLUJO DE PAN</subfield>
  </datafield>
  <datafield tag="856" ind1="4" ind2="1">
    <subfield code="u">http://10.13.5.2/ve/TC779EIUPA/TC779EIUPA2018-PLANO-ANALISISDEPELIGROSPAN.pdf</subfield>
    <subfield code="y">DESCARGAR ANALISIS DE PELIGROS PAN</subfield>
  </datafield>
  <datafield tag="856" ind1="4" ind2="1">
    <subfield code="u">http://10.13.5.2/ve/TC779EIUPA/TC779EIUPA2018-PLANO-DIBUJODEPROCESOQUEQUE.pdf</subfield>
    <subfield code="y">DESCARGAR DIBUJO DE PROCESO QUEQUE</subfield>
  </datafield>
  <datafield tag="856" ind1="4" ind2="1">
    <subfield code="u">http://10.13.5.2/ve/TC779EIUPA/TC779EIUPA2018-PLANO-DIBUJODEPROCESOBAGUETTE.pdf</subfield>
    <subfield code="y">DESCARGAR DIBUJO PROCESO BAGUETTE</subfield>
  </datafield>
  <datafield tag="856" ind1="4" ind2="1">
    <subfield code="u">http://10.13.5.2/ve/TC779EIUPA/TC779EIUPA2018-PLANO-DIAGRAMADEFLUJOPANDULCE.pdf</subfield>
    <subfield code="y">DESCARGAR DIAGRAMA DE FLUJO PAN DULCE</subfield>
  </datafield>
  <datafield tag="856" ind1="4" ind2="1">
    <subfield code="u">http://10.13.5.2/ve/TC779EIUPA/TC779EIUPA2018-PLANO-DIAGRAMADEFLUJOPANBAGUETTE.pdf</subfield>
    <subfield code="y">DESCARGAR DIAGRAMA DE FLUJO BAGUETTE</subfield>
  </datafield>
  <datafield tag="856" ind1="4" ind2="1">
    <subfield code="u">http://10.13.5.2/ve/TC779EIUPA/TC779EIUPA2018-REPORTE.pdf</subfield>
    <subfield code="y">DESCARGAR REPORTE</subfield>
  </datafield>
  <datafield tag="901" ind1=" " ind2=" ">
    <subfield code="a">T.C.779 S99 EIUPA 2018</subfield>
  </datafield>
  <datafield tag="902" ind1=" " ind2=" ">
    <subfield code="a">M</subfield>
  </datafield>
  <datafield tag="905" ind1=" " ind2=" ">
    <subfield code="a">5232272018                          MX NMEL8223123322SPA16</subfield>
  </datafield>
  <datafield tag="942" ind1=" " ind2=" ">
    <subfield code="2">local</subfield>
  </datafield>
  <datafield tag="942" ind1=" " ind2=" ">
    <subfield code="c">VE</subfield>
  </datafield>
  <datafield tag="999" ind1=" " ind2=" ">
    <subfield code="c">178595</subfield>
    <subfield code="d">178595</subfield>
  </datafield>
  <datafield tag="952" ind1=" " ind2=" ">
    <subfield code="0">0</subfield>
    <subfield code="1">0</subfield>
    <subfield code="2">local</subfield>
    <subfield code="4">0</subfield>
    <subfield code="5">1</subfield>
    <subfield code="7">0</subfield>
    <subfield code="8">VE</subfield>
    <subfield code="a">IA_</subfield>
    <subfield code="b">IA_</subfield>
    <subfield code="d">2022-01-18</subfield>
    <subfield code="e">El autor</subfield>
    <subfield code="l">0</subfield>
    <subfield code="o">T.C.779 S99 EIUPA 2018</subfield>
    <subfield code="p">1106011980</subfield>
    <subfield code="r">2022-01-18 00:00:00</subfield>
    <subfield code="t">Ej. 2</subfield>
    <subfield code="w">2022-01-18</subfield>
    <subfield code="y">CD</subfield>
  </datafield>
  <datafield tag="952" ind1=" " ind2=" ">
    <subfield code="0">0</subfield>
    <subfield code="1">0</subfield>
    <subfield code="2">local</subfield>
    <subfield code="4">0</subfield>
    <subfield code="5">1</subfield>
    <subfield code="7">0</subfield>
    <subfield code="8">VE</subfield>
    <subfield code="a">IA_</subfield>
    <subfield code="b">IA_</subfield>
    <subfield code="d">2022-01-18</subfield>
    <subfield code="e">El autor</subfield>
    <subfield code="l">1</subfield>
    <subfield code="o">T.C.779 S99 EIUPA 2018</subfield>
    <subfield code="p">1106011979</subfield>
    <subfield code="r">2026-01-26 00:00:00</subfield>
    <subfield code="s">2022-08-25</subfield>
    <subfield code="t">Ej. 1</subfield>
    <subfield code="w">2022-01-18</subfield>
    <subfield code="y">VE</subfield>
  </datafield>
  <datafield tag="952" ind1=" " ind2=" ">
    <subfield code="0">0</subfield>
    <subfield code="1">0</subfield>
    <subfield code="2">local</subfield>
    <subfield code="4">0</subfield>
    <subfield code="7">0</subfield>
    <subfield code="8">VEE</subfield>
    <subfield code="a">IA_</subfield>
    <subfield code="b">IA_</subfield>
    <subfield code="c">E_L</subfield>
    <subfield code="d">2024-05-15</subfield>
    <subfield code="e">El autor</subfield>
    <subfield code="l">0</subfield>
    <subfield code="o">T.C.779 S99 EIUPA 2018</subfield>
    <subfield code="p">1206011979</subfield>
    <subfield code="r">2024-05-15 00:00:00</subfield>
    <subfield code="w">2024-05-15</subfield>
    <subfield code="y">VEE</subfield>
  </datafield>
</record>
